Loading...
History - World History | 1 | 5 | 1 | 1 | 60 | 63 | 91.83 | 0 | 3 |
Fine Arts - Other Fine Arts | 1 | 4 | 0 | 2 | 55 | 32 | 96.40 | 1 | 2 |
Literature - European Literature | 0 | 4 | 0 | 2 | 40 | 118 | 130.50 | 0 | 1 |
History - American History | 1 | 2 | 0 | 1 | 35 | 45 | 89.33 | 0 | 2 |
Science - Chemistry | 0 | 3 | 0 | 0 | 30 | 67 | 86.67 | 1 | 2 |
History - European History | 0 | 3 | 0 | 2 | 30 | 94 | 118.33 | 0 | 0 |
Literature - World Literature | 0 | 3 | 1 | 1 | 25 | 147 | 149.00 | 0 | 0 |
Current Events | 0 | 2 | 0 | 0 | 20 | 91 | 101.50 | 0 | 1 |
Fine Arts - Visual Fine Arts | 0 | 2 | 0 | 0 | 20 | 83 | 113.00 | 0 | 1 |
History - Other History | 0 | 2 | 0 | 0 | 20 | 85 | 101.50 | 0 | 1 |
Literature - British Literature | 0 | 2 | 0 | 0 | 20 | 113 | 126.00 | 0 | 0 |
Mythology | 0 | 2 | 0 | 1 | 20 | 138 | 142.50 | 0 | 0 |
Literature - American Literature | 0 | 1 | 0 | 1 | 10 | 129 | 129.00 | 0 | 0 |
Religion | 0 | 1 | 0 | 1 | 10 | 122 | 122.00 | 0 | 0 |
Science - Other Science | 0 | 1 | 0 | 0 | 10 | 115 | 115.00 | 0 | 1 |
Science - Physics | 0 | 1 | 0 | 0 | 10 | 115 | 115.00 | 0 | 0 |
Philosophy | 0 | 1 | 0 | 0 | 10 | 132 | 132.00 | 0 | 0 |
Science - Biology | 0 | 0 | 0 | 0 | 0 | 0.00 | 0 | 0 | |
Social Science | 0 | 0 | 0 | 0 | 0 | 0.00 | 0 | 0 |